[Event "4. Open Memorial Pedro Lezcano 2011"]
[Site "Gran Canaria ESP"]
[Date "2011.04.18"]
[Round "1.2"]
[White "Strikovic, Aleksa"]
[Black "Diaz Suarez, Cayetano"]
[Result "1-0"]
[WhiteElo "2570"]
[BlackElo "1827"]
[PlyCount "45"]
[EventDate "2011.04.18"]
[EventType "swiss"]
[EventRounds "9"]
[EventCountry "ESP"]
[Source "lmi"]
[SourceDate "2011.04.18"]

1. c4 Nf6 2. Nc3 c5 3. Nf3 Nc6 4. d4 cxd4 5. Nxd4 g6 6. e4 d6 7. Be2 Bg7 8. Be3
O-O 9. O-O Bd7 10. Qd2 Nxd4 11. Bxd4 Bc6 12. f3 Qd7 13. Rfd1 Rfd8 14. b4 b6 15.
a4 Ne8 16. a5 Bxd4+ 17. Qxd4 bxa5 18. b5 Bb7 19. c5 e5 20. Qe3 Qe6 21. c6 Bc8
22. Nd5 f5 23. Qg5 1-0

[Event "4. Open Memorial Pedro Lezcano 2011"]
[Site "Gran Canaria ESP"]
[Date "2011.04.18"]
[Round "1.3"]
[White "Martinez Molina, Jose Juan"]
[Black "Kurajica, Bojan"]
[Result "0-1"]
[WhiteElo "1822"]
[BlackElo "2531"]
[PlyCount "70"]
[EventDate "2011.04.18"]
[EventType "swiss"]
[EventRounds "9"]
[EventCountry "ESP"]
[Source "lmi"]
[SourceDate "2011.04.18"]

1. e4 c5 2. Nf3 a6 3. d4 cxd4 4. Nxd4 Nf6 5. Nc3 e5 6. Nb3 Bb4 7. Bd3 d5 8. O-O
Bxc3 9. bxc3 dxe4 10. Be2 O-O 11. Ba3 Qxd1 12. Raxd1 Re8 13. Rfe1 Nc6 14. Nc5
b5 15. Bf1 Bf5 16. h3 h5 17. g3 Rec8 18. Kh2 Nd8 19. Re3 Ne6 20. Nb7 Rc7 21.
Na5 Rac8 22. Bb4 Nc5 23. Be2 Be6 24. c4 bxc4 25. Nxc4 Ncd7 26. Nd6 Rb8 27. c3
Nd5 28. Rxe4 Nxc3 29. Bxc3 Rxc3 30. Bxa6 Nc5 31. Rxe5 Nxa6 32. Rxh5 Rd8 33. Ne4
Rxd1 34. Nxc3 Rd3 35. Ra5 Rxc3 0-1

[Event "4. Open Memorial Pedro Lezcano 2011"]
[Site "Gran Canaria ESP"]
[Date "2011.04.18"]
[Round "1.4"]
[White "Vera Gonzalez-Quevedo, Reynaldo"]
[Black "Santos Izquierdo, Carlos"]
[Result "1-0"]
[WhiteElo "2518"]
[BlackElo "1820"]
[PlyCount "51"]
[EventDate "2011.04.18"]
[EventType "swiss"]
[EventRounds "9"]
[EventCountry "ESP"]
[Source "lmi"]
[SourceDate "2011.04.18"]

1. d4 d6 2. Nf3 g6 3. c4 f5 4. g3 Nf6 5. b4 Bg7 6. Bb2 c6 7. a4 O-O 8. Bg2 h6
9. O-O Qe8 10. Nbd2 Qf7 11. e3 Na6 12. b5 Nc7 13. Qe2 Bd7 14. Rab1 Rab8 15.
Rfc1 Nfe8 16. Bc3 b6 17. bxc6 Bxc6 18. Ng5 hxg5 19. Bxc6 Nf6 20. a5 Nh5 21.
axb6 axb6 22. Ra1 Ne8 23. e4 g4 24. exf5 Qxf5 25. Bd5+ Kh8 26. Be6 1-0

[Event "4. Open Memorial Pedro Lezcano 2011"]
[Site "Gran Canaria ESP"]
[Date "2011.04.18"]
[Round "1.5"]
[White "Marrero Cardenes, Agustin"]
[Black "Barlov, Dragan"]
[Result "0-1"]
[WhiteElo "1820"]
[BlackElo "2472"]
[PlyCount "74"]
[EventDate "2011.04.18"]
[EventType "swiss"]
[EventRounds "9"]
[EventCountry "ESP"]
[Source "lmi"]
[SourceDate "2011.04.18"]

1. Nf3 Nf6 2. d4 c5 3. e3 g6 4. Bd3 Bg7 5. O-O O-O 6. c4 cxd4 7. exd4 d5 8. Be3
dxc4 9. Bxc4 Nc6 10. Nc3 Na5 11. Bd3 Nd5 12. h3 Nxc3 13. bxc3 Be6 14. Qd2 Bc4
15. Bf4 Bxd3 16. Qxd3 Rc8 17. Rfe1 e6 18. Rab1 b6 19. h4 Qd5 20. Rb2 Qc4 21.
Qxc4 Rxc4 22. Bd2 Rd8 23. Ne5 Rc7 24. Nf3 Nc4 25. Rb3 Rd5 26. Bf4 Rc8 27. g4 h6
28. Ne5 Nxe5 29. Bxe5 Bxe5 30. Rxe5 Rxe5 31. dxe5 Rc4 32. f3 Ra4 33. Rb2 h5 34.
gxh5 gxh5 35. Kg2 Rxh4 36. Rb4 Rxb4 37. cxb4 b5 0-1

[Event "4. Open Memorial Pedro Lezcano 2011"]
[Site "Gran Canaria ESP"]
[Date "2011.04.18"]
[Round "1.6"]
[White "Garcia Padron, Jose"]
[Black "Arana Herrera, Antonio"]
[Result "1-0"]
[WhiteElo "2434"]
[BlackElo "1819"]
[PlyCount "55"]
[EventDate "2011.04.18"]
[EventType "swiss"]
[EventRounds "9"]
[EventCountry "ESP"]
[Source "lmi"]
[SourceDate "2011.04.18"]

1. e4 c5 2. Nf3 Nc6 3. Bb5 Qc7 4. O-O e6 5. Re1 Nge7 6. c3 Ng6 7. d4 Be7 8. Be3
b6 9. h4 h5 10. g3 a6 11. Bf1 Bb7 12. Nbd2 Rd8 13. a3 d6 14. b4 Nb8 15. Rb1 Nd7
16. bxc5 dxc5 17. Ng5 Bxg5 18. Bxg5 f6 19. Be3 Kf7 20. Be2 Qc6 21. Bxh5 Rxh5
22. Qxh5 Rh8 23. Qe2 f5 24. dxc5 bxc5 25. Rxb7 Qxb7 26. exf5 Nge5 27. fxe6+
Kxe6 28. Bf4 1-0

[Event "4. Open Memorial Pedro Lezcano 2011"]
[Site "Gran Canaria ESP"]
[Date "2011.04.18"]
[Round "1.7"]
[White "Ramirez Medina, Victor"]
[Black "Cabrera Trujillo, Jorge"]
[Result "0-1"]
[WhiteElo "1810"]
[BlackElo "2392"]
[PlyCount "53"]
[EventDate "2011.04.18"]
[EventType "swiss"]
[EventRounds "9"]
[EventCountry "ESP"]
[Source "lmi"]
[SourceDate "2011.04.18"]

1. e4 c5 2. Nf3 d6 3. d4 cxd4 4. Nxd4 Nf6 5. Nc3 a6 6. Bg5 e6 7. f4 Be7 8. Qf3
h6 9. Bh4 g5 10. fxg5 Nfd7 11. O-O-O Ne5 12. Qe2 hxg5 13. Bg3 Nbd7 14. Nf3 Qa5
15. Kb1 b5 16. Nxe5 dxe5 17. Qf3 b4 18. Ne2 Bb7 19. Nc1 Qc7 20. Bd3 f5 21. Qe2
f4 22. Bf2 Nf6 23. h3 a5 24. Rhe1 a4 25. Qf3 Kf7 26. Re2 a3 27. b3 0-1

[Event "4. Open Memorial Pedro Lezcano 2011"]
[Site "Gran Canaria ESP"]
[Date "2011.04.18"]
[Round "1.8"]
[White "Del Rey, Diego"]
[Black "Viera Falcon, Cristo"]
[Result "1-0"]
[WhiteElo "2364"]
[BlackElo "1805"]
[PlyCount "47"]
[EventDate "2011.04.18"]
[EventType "swiss"]
[EventRounds "9"]
[EventCountry "ESP"]
[Source "lmi"]
[SourceDate "2011.04.18"]

1. Nf3 f5 2. d3 Nf6 3. e4 d6 4. exf5 Bxf5 5. d4 c6 6. Bd3 Na6 7. O-O Bxd3 8.
Qxd3 Qd7 9. Ng5 c5 10. c3 Nc7 11. Re1 cxd4 12. cxd4 Qb5 13. Qh3 Qd7 14. Qb3 Qb5
15. Qf7+ Kd7 16. Nc3 Qf5 17. Qb3 b6 18. Bd2 e6 19. d5 exd5 20. Qa4+ Kc8 21. Nb5
Nfe8 22. Rac1 Kd8 23. Nxc7 Nxc7 24. Qc6 1-0

[Event "4. Open Memorial Pedro Lezcano 2011"]
[Site "Gran Canaria ESP"]
[Date "2011.04.18"]
[Round "1.9"]
[White "Castilla Arteaga, Carlos David"]
[Black "Hernando Rodrigo, Jose Maria"]
[Result "0-1"]
[WhiteElo "1795"]
[BlackElo "2313"]
[PlyCount "78"]
[EventDate "2011.04.18"]
[EventType "swiss"]
[EventRounds "9"]
[EventCountry "ESP"]
[Source "lmi"]
[SourceDate "2011.04.18"]

1. e4 d5 2. exd5 Qxd5 3. Nf3 Nf6 4. Be2 Bg4 5. h3 Bh5 6. O-O e6 7. d4 Nc6 8. c4
Qf5 9. Nc3 O-O-O 10. Be3 g5 11. a3 Rg8 12. b4 Bxf3 13. Bxf3 Ne5 14. Qe2 Nxf3+
15. Qxf3 Qxf3 16. gxf3 Ne8 17. d5 Bg7 18. Rac1 Bxc3 19. Rxc3 exd5 20. cxd5 Rg6
21. Rd1 Rgd6 22. Rcd3 Nf6 23. Kh2 h6 24. Bc5 Rxd5 25. Rxd5 Rxd5 26. Rxd5 Nxd5
27. Bf8 h5 28. h4 gxh4 29. Bh6 Kd7 30. Kh3 Ke6 31. Kxh4 Kf5 32. Kxh5 b6 33. Bd2
c5 34. bxc5 bxc5 35. Kh6 c4 36. Kg7 Ke6 37. f4 f5 38. Kg6 c3 39. Bc1 c2 0-1

[Event "4. Open Memorial Pedro Lezcano 2011"]
[Site "Gran Canaria ESP"]
[Date "2011.04.18"]
[Round "1.10"]
[White "Perez Felipe, Marcos Adrian"]
[Black "Capote Robayna, Johanna"]
[Result "1-0"]
[WhiteElo "2310"]
[BlackElo "1780"]
[PlyCount "49"]
[EventDate "2011.04.18"]
[EventType "swiss"]
[EventRounds "9"]
[EventCountry "ESP"]
[Source "lmi"]
[SourceDate "2011.04.18"]

1. d4 Nf6 2. c4 g6 3. Nc3 Bg7 4. e4 d6 5. f3 O-O 6. Bg5 Nc6 7. Nge2 e5 8. d5
Ne7 9. Qd2 a6 10. g4 Bd7 11. Ng3 Rb8 12. h4 b5 13. h5 bxc4 14. Bxc4 Rb4 15. b3
Qc8 16. O-O-O Qb7 17. Bh6 Rb8 18. Bxg7 Kxg7 19. g5 Nfg8 20. f4 Ba4 21. hxg6
fxg6 22. fxe5 dxe5 23. Rdf1 Rxc4 24. Rxh7+ Kxh7 25. Rf7+ 1-0

[Event "4. Open Memorial Pedro Lezcano 2011"]
[Site "Gran Canaria ESP"]
[Date "2011.04.18"]
[Round "1.11"]
[White "Padilla Socorro, Jesus"]
[Black "Menvielle Laccourreye, Augusto"]
[Result "0-1"]
[WhiteElo "1775"]
[BlackElo "2265"]
[PlyCount "96"]
[EventDate "2011.04.18"]
[EventType "swiss"]
[EventRounds "9"]
[EventCountry "ESP"]
[Source "lmi"]
[SourceDate "2011.04.18"]

1. e4 e6 2. d4 d5 3. e5 c5 4. c3 Qb6 5. Nf3 Nc6 6. Bd3 cxd4 7. cxd4 Bd7 8. Bc2
Nb4 9. O-O Nxc2 10. Qxc2 Rc8 11. Nc3 Ne7 12. Qb3 Qa6 13. Re1 Nc6 14. a3 Be7 15.
Be3 Na5 16. Qd1 h6 17. Nd2 Qd3 18. Rc1 O-O 19. Qe2 Qxe2 20. Nxe2 Bb5 21. Rxc8
Rxc8 22. Nc3 Ba6 23. Rc1 Kf8 24. b4 Nc4 25. Nxc4 Bxc4 26. Nb5 Ke8 27. Nd6+ Bxd6
28. exd6 Kd7 29. Bf4 f6 30. f3 Re8 31. Re1 Bb5 32. Bg3 Rc8 33. Ra1 Ba4 34. Ra2
Rc4 35. Rd2 Rc3 36. Ra2 Rd3 37. Ra1 Rxd4 38. Bf2 Rc4 39. Bxa7 Kxd6 40. Bc5+ Kd7
41. Bf8 g5 42. Bxh6 e5 43. Bf8 d4 44. Bc5 Ke6 45. Kf2 Rc2+ 46. Kf1 d3 47. Rb1
d2 48. Be3 Rb2 0-1

[Event "4. Open Memorial Pedro Lezcano 2011"]
[Site "Gran Canaria ESP"]
[Date "2011.04.18"]
[Round "1.12"]
[White "Vega Gutierrez, Belinda"]
[Black "Sanchez Montesdeoca, Isaac"]
[Result "1-0"]
[WhiteElo "2255"]
[BlackElo "1754"]
[PlyCount "89"]
[EventDate "2011.04.18"]
[EventType "swiss"]
[EventRounds "9"]
[EventCountry "ESP"]
[Source "lmi"]
[SourceDate "2011.04.18"]

1. e4 c5 2. Nf3 d6 3. d4 cxd4 4. Nxd4 Nf6 5. Nc3 g6 6. Bc4 Bg7 7. O-O Nc6 8.
Nb3 Bg4 9. f3 Bd7 10. Re1 Ne5 11. Bf1 h5 12. Nd5 h4 13. h3 Nh5 14. Bg5 f6 15.
Bxh4 g5 16. Bf2 e6 17. Nc3 Qe7 18. Nd4 a6 19. a4 Kf7 20. Ra3 Ng6 21. Rb3 Rab8
22. Rb6 Nhf4 23. Nb3 Bc6 24. Na5 Qc7 25. Nxc6 bxc6 26. Rxa6 Rb7 27. a5 Ne5 28.
Rb6 Rd8 29. g3 Nfg6 30. Qe2 Ne7 31. Rxb7 Qxb7 32. Bb6 Ra8 33. f4 gxf4 34. gxf4
Nd7 35. Qh5+ Kf8 36. Na4 f5 37. exf5 Nxb6 38. fxe6 Ned5 39. Nxb6 Bd4+ 40. Kh2
Qg7 41. Bc4 Ne7 42. Nxa8 Bf2 43. Rf1 Qg3+ 44. Kh1 Qxf4 45. Qf7+ 1-0

[Event "4. Open Memorial Pedro Lezcano 2011"]
[Site "Gran Canaria ESP"]
[Date "2011.04.18"]
[Round "1.13"]
[White "Schlittermann, Wolfgang"]
[Black "Garcia Blanco, Omar"]
[Result "0-1"]
[WhiteElo "1745"]
[BlackElo "2209"]
[PlyCount "60"]
[EventDate "2011.04.18"]
[EventType "swiss"]
[EventRounds "9"]
[EventCountry "ESP"]
[Source "lmi"]
[SourceDate "2011.04.18"]

1. b3 Nf6 2. Bb2 g6 3. f4 Bg7 4. Nf3 O-O 5. e3 d6 6. Be2 Nbd7 7. O-O Re8 8. c4
e5 9. fxe5 dxe5 10. h3 e4 11. Nh2 Ne5 12. Na3 c5 13. Rb1 b6 14. Bc3 a5 15. Nc2
Qd6 16. Ne1 Bb7 17. a3 Bc6 18. b4 axb4 19. axb4 Bf8 20. bxc5 bxc5 21. Rxf6 Qxf6
22. Ng4 Qd6 23. Bxe5 Rxe5 24. Nxe5 Qxe5 25. d4 exd3 26. Nxd3 Qxe3+ 27. Nf2 Ra2
28. Kf1 Bxg2+ 29. Kxg2 Rxe2 30. Qg1 Rxf2+ 0-1

[Event "4. Open Memorial Pedro Lezcano 2011"]
[Site "Gran Canaria ESP"]
[Date "2011.04.18"]
[Round "1.14"]
[White "Gutierrez Olivares, Daniel"]
[Black "Padilla Mendez, Vicente"]
[Result "1-0"]
[WhiteElo "2205"]
[BlackElo "1734"]
[PlyCount "39"]
[EventDate "2011.04.18"]
[EventType "swiss"]
[EventRounds "9"]
[EventCountry "ESP"]
[Source "lmi"]
[SourceDate "2011.04.18"]

1. e4 c5 2. Nf3 e6 3. d4 cxd4 4. Nxd4 a6 5. Bd3 Nc6 6. c3 Nf6 7. O-O d5 8. Nxc6
bxc6 9. e5 Nd7 10. Re1 Qb6 11. Qg4 g6 12. Nd2 Bg7 13. Nf3 O-O 14. h4 f5 15. Qg3
Re8 16. h5 Nf8 17. Nh4 Kf7 18. Be2 c5 19. hxg6+ hxg6 20. Nxg6 1-0

[Event "4. Open Memorial Pedro Lezcano 2011"]
[Site "Gran Canaria ESP"]
[Date "2011.04.18"]
[Round "1.15"]
[White "Monteiro Rodrigues, Carlos"]
[Black "Gonzalez Garcia, Guillermo W"]
[Result "0-1"]
[WhiteElo "1730"]
[BlackElo "2203"]
[PlyCount "58"]
[EventDate "2011.04.18"]
[EventType "swiss"]
[EventRounds "9"]
[EventCountry "ESP"]
[Source "lmi"]
[SourceDate "2011.04.18"]

1. e4 c5 2. Nf3 d6 3. d4 cxd4 4. Nxd4 Nf6 5. Nc3 a6 6. Be2 e6 7. Bg5 Nbd7 8.
O-O Qc7 9. Bh5 g6 10. Be2 Bg7 11. Kh1 h6 12. Be3 O-O 13. f4 b5 14. f5 e5 15.
Nf3 gxf5 16. exf5 Bb7 17. a3 d5 18. Bd2 d4 19. Na2 Nc5 20. Bb4 Rfd8 21. Qe1 a5
22. Bxc5 Qxc5 23. Bd1 e4 24. Nh4 e3 25. Be2 Qxc2 26. Rd1 d3 27. Bf3 Bxf3 28.
Rxf3 d2 29. Qf1 Qxd1 0-1

[Event "4. Open Memorial Pedro Lezcano 2011"]
[Site "Gran Canaria ESP"]
[Date "2011.04.18"]
[Round "1.16"]
[White "Natalicchio Escalante, Nicolas"]
[Black "Rodriguez Mellado, Antonio"]
[Result "1-0"]
[WhiteElo "2201"]
[BlackElo "1712"]
[PlyCount "63"]
[EventDate "2011.04.18"]
[EventType "swiss"]
[EventRounds "9"]
[EventCountry "ESP"]
[Source "lmi"]
[SourceDate "2011.04.18"]

1. Nf3 Nf6 2. d4 d5 3. c4 e6 4. g3 c6 5. Qc2 g6 6. Bg2 Bg7 7. O-O O-O 8. Nbd2
Na6 9. a3 Nc7 10. e4 dxe4 11. Nxe4 Nce8 12. Nc3 Nd6 13. b3 Nf5 14. Bb2 b6 15.
Rad1 Bb7 16. Rfe1 Qc7 17. c5 Rac8 18. Bc1 Rfd8 19. Bf4 Qe7 20. b4 Qd7 21. h3
Ne7 22. Ne5 Qe8 23. Bg5 Nfd5 24. Ne4 Rc7 25. Nd6 Qf8 26. Nexf7 Rb8 27. Nxb7
Rbxb7 28. Nd6 Rb8 29. Rxe6 Nf5 30. Nxf5 Qxf5 31. Qxf5 gxf5 32. Bxd5 1-0

[Event "4. Open Memorial Pedro Lezcano 2011"]
[Site "Gran Canaria ESP"]
[Date "2011.04.18"]
[Round "1.17"]
[White "Salazar De La Cruz, Jose Maria"]
[Black "Alvarado Ascanio, Francisco"]
[Result "0-1"]
[WhiteElo "1712"]
[BlackElo "2195"]
[PlyCount "64"]
[EventDate "2011.04.18"]
[EventType "swiss"]
[EventRounds "9"]
[EventCountry "ESP"]
[Source "lmi"]
[SourceDate "2011.04.18"]

1. Nf3 e6 2. b3 Nf6 3. Bb2 c5 4. e3 b6 5. Be2 Bb7 6. O-O Be7 7. d4 O-O 8. c4
cxd4 9. Nxd4 a6 10. Nd2 d6 11. Bf3 Qc8 12. Qc2 Bxf3 13. N4xf3 Nbd7 14. Rad1 Qb7
15. Bxf6 Nxf6 16. Ng5 Rac8 17. Qb1 Rfd8 18. Nge4 b5 19. Nxf6+ Bxf6 20. cxb5
axb5 21. Ne4 Be7 22. Rc1 b4 23. Qd3 Rc6 24. Rc2 Rxc2 25. Qxc2 Rc8 26. Qd3 d5
27. Ng3 Qa7 28. Qd2 Ra8 29. Ra1 Bf6 30. Rc1 Bc3 31. Qd3 Qxa2 32. Ne2 Qxb3 0-1

[Event "4. Open Memorial Pedro Lezcano 2011"]
[Site "Gran Canaria ESP"]
[Date "2011.04.18"]
[Round "1.18"]
[White "Fernandez Manrique, Agustin"]
[Black "Leon Manas, Jose Francisco"]
[Result "1-0"]
[WhiteElo "2158"]
[BlackElo "1697"]
[PlyCount "35"]
[EventDate "2011.04.18"]
[EventType "swiss"]
[EventRounds "9"]
[EventCountry "ESP"]
[Source "lmi"]
[SourceDate "2011.04.18"]

1. c4 e5 2. Nc3 Nc6 3. Nf3 Nf6 4. e4 Bc5 5. Nxe5 Nxe5 6. d4 Bb4 7. dxe5 Bxc3+
8. bxc3 Nxe4 9. Qg4 d5 10. Qxg7 Rf8 11. Bh6 Qe7 12. Qxf8+ Qxf8 13. Bxf8 Kxf8
14. cxd5 Nxc3 15. Bc4 a6 16. Rc1 Ne4 17. Bd3 Ng5 18. h4 1-0

[Event "4. Open Memorial Pedro Lezcano 2011"]
[Site "Gran Canaria ESP"]
[Date "2011.04.18"]
[Round "1.19"]
[White "Aguila Hernandez, Eduardo"]
[Black "Meneses Gonzalez, Kevin Moises"]
[Result "0-1"]
[WhiteElo "1697"]
[BlackElo "2150"]
[PlyCount "74"]
[EventDate "2011.04.18"]
[EventType "swiss"]
[EventRounds "9"]
[EventCountry "ESP"]
[Source "lmi"]
[SourceDate "2011.04.18"]

1. e4 c5 2. Nf3 d6 3. d4 cxd4 4. Nxd4 Nf6 5. Nc3 Nc6 6. Bc4 Qb6 7. Be3 Qxb2 8.
Nde2 Qb4 9. Bb3 e6 10. a3 Qa5 11. O-O Be7 12. h3 O-O 13. f4 a6 14. g4 Nd7 15.
Qe1 Nc5 16. f5 Kh8 17. Qg3 b5 18. Bf4 Ne5 19. Bxe5 dxe5 20. Qxe5 Qb6 21. Kg2
Bb7 22. Rad1 Bf6 23. Qf4 Nxb3 24. cxb3 Qc5 25. Qd6 Rac8 26. Qxc5 Rxc5 27. Rf3
Rfc8 28. Rd7 R5c7 29. Rfd3 h6 30. Rxc7 Rxc7 31. Kf3 Rc5 32. Ke3 a5 33. Nd4 b4
34. axb4 axb4 35. Na2 Re5 36. Ne2 Bxe4 37. Rd6 Bb1+ 0-1

[Event "4. Open Memorial Pedro Lezcano 2011"]
[Site "Gran Canaria ESP"]
[Date "2011.04.18"]
[Round "1.20"]
[White "Perez Rosales, Pedro"]
[Black "Aleman Alamo, Nicolas"]
[Result "1-0"]
[WhiteElo "2148"]
[BlackElo "1691"]
[PlyCount "51"]
[EventDate "2011.04.18"]
[EventType "swiss"]
[EventRounds "9"]
[EventCountry "ESP"]
[Source "lmi"]
[SourceDate "2011.04.18"]

1. Nf3 Nf6 2. c4 e6 3. g3 b6 4. Bg2 Bb7 5. O-O Be7 6. Nc3 O-O 7. d4 d6 8. d5 e5
9. Nh4 Bc8 10. e4 h6 11. Nf5 Bxf5 12. exf5 Nbd7 13. Be3 Nh7 14. h4 Ndf6 15. Qe2
h5 16. Bf3 Qd7 17. Qc2 Ng4 18. Bxg4 hxg4 19. f3 Nf6 20. Ne4 Qxf5 21. Nxf6+ Qxf6
22. Bg5 Qg6 23. Qxg6 fxg6 24. Bxe7 Rf7 25. Bg5 Raf8 26. fxg4 1-0

[Event "4. Open Memorial Pedro Lezcano 2011"]
[Site "Gran Canaria ESP"]
[Date "2011.04.18"]
[Round "1.21"]
[White "Gonzalez Perez, Cristina"]
[Black "Camino Carrio, Nicanor"]
[Result "0-1"]
[WhiteElo "1691"]
[BlackElo "2147"]
[PlyCount "200"]
[EventDate "2011.04.18"]
[EventType "swiss"]
[EventRounds "9"]
[EventCountry "ESP"]
[Source "lmi"]
[SourceDate "2011.04.18"]

1. e4 c5 2. Nc3 Nc6 3. f4 g6 4. Nf3 Bg7 5. Bc4 e6 6. d3 Nge7 7. Bb3 O-O 8. O-O
d5 9. Qe1 b5 10. a4 c4 11. dxc4 bxc4 12. Ba2 d4 13. Nd1 Ba6 14. Nf2 Rb8 15. c3
dxc3 16. bxc3 Nb4 17. Qd2 Nd3 18. e5 Nd5 19. Nxd3 cxd3 20. Nd4 Nb4 21. Ba3 Re8
22. Bxb4 Rxb4 23. cxb4 Qxd4+ 24. Kh1 Bf8 25. Rab1 Rd8 26. Rfc1 Bh6 27. Rf1 Rc8
28. Qf2 Qe4 29. Qf3 Qxf3 30. Rxf3 d2 31. b5 Bb7 32. Rff1 Bf8 33. Rfd1 Be4 34.
Rb2 Bc2 35. Rxd2 Bxa4 36. h3 Rc1+ 37. Kh2 Bc5 38. Rd3 Rf1 39. Kg3 Bd1 40. Bc4
Re1 41. Rbd2 Bh5 42. Rd8+ Kg7 43. Rc2 Bb6 44. Rd7 Kf8 45. Bxe6 g5 46. Bd5 Re3+
47. Bf3 Bg6 48. Rc8+ Kg7 49. Rb8 gxf4+ 50. Kxf4 Rb3 51. e6 Rxb5 52. Kg4 Bf5+
53. Kh4 Bxe6 54. Rdd8 Bxd8+ 55. Rxd8 a5 56. Be2 Rb4+ 57. g4 a4 58. Ra8 Bb3 59.
Ra5 Re4 60. Bf3 Re1 61. Rg5+ Kf8 62. Ra5 Ra1 63. Bd5 Bc2 64. Ra7 Bg6 65. Kg5
Kg7 66. h4 h6+ 67. Kf4 h5 68. gxh5 Bxh5 69. Kg5 Bg6 70. h5 Rd1 71. Ba2 Rg1+ 72.
Kh4 Rh1+ 73. Kg5 Rxh5+ 74. Kg4 Rh2 75. Rxa4 f5+ 76. Kg3 Rd2 77. Kf4 Kh6 78. Be6
Rf2+ 79. Kg3 Re2 80. Bd7 Kg5 81. Ra5 Re3+ 82. Kf2 Rd3 83. Bc6 Bh5 84. Be4 Rd2+
85. Kg1 Bg4 86. Bc6 Kh4 87. Ra4 Rc2 88. Bd7 Kg3 89. Ra3+ Bf3 90. Rxf3+ Kxf3 91.
Bxf5 Ra2 92. Be6 Rg2+ 93. Kf1 Rf2+ 94. Kg1 Kg3 95. Bg8 Rf5 96. Bh7 Rf7 97. Bg8
Rg7 98. Bd5 Rd7 99. Bb3 Rd3 100. Ba4 Ra3 0-1

[Event "4. Open Memorial Pedro Lezcano 2011"]
[Site "Gran Canaria ESP"]
[Date "2011.04.18"]
[Round "1.22"]
[White "Rodriguez Melian, Jose Luis"]
[Black "Caritg Creus, Carlos"]
[Result "1-0"]
[WhiteElo "2141"]
[BlackElo "1683"]
[PlyCount "49"]
[EventDate "2011.04.18"]
[EventType "swiss"]
[EventRounds "9"]
[EventCountry "ESP"]
[Source "lmi"]
[SourceDate "2011.04.18"]

1. d4 Nf6 2. c4 e6 3. g3 d5 4. Bg2 Be7 5. Nf3 O-O 6. Qc2 Nbd7 7. O-O c5 8. Rd1
cxd4 9. Nxd4 Nb6 10. cxd5 exd5 11. Nc3 Bd7 12. Bf4 Rc8 13. Rac1 Qe8 14. Nf5 Bb4
15. Nd6 Qe6 16. Nxc8 Rxc8 17. Qd3 Bc6 18. a3 Bf8 19. Nb5 Nc4 20. Nd4 Qe8 21.
Rc2 Ne5 22. Qe3 Nfg4 23. Qc1 Nf6 24. Bh3 Rc7 25. b4 1-0

[Event "4. Open Memorial Pedro Lezcano 2011"]
[Site "Gran Canaria ESP"]
[Date "2011.04.18"]
[Round "1.23"]
[White "Morales Hengmith, Chantal"]
[Black "Lopez Pereyra, Antonio"]
[Result "0-1"]
[WhiteElo "1675"]
[BlackElo "2119"]
[PlyCount "36"]
[EventDate "2011.04.18"]
[EventType "swiss"]
[EventRounds "9"]
[EventCountry "ESP"]
[Source "lmi"]
[SourceDate "2011.04.18"]

1. e4 c5 2. c3 b6 3. d4 Bb7 4. Bd3 Nf6 5. Nd2 cxd4 6. cxd4 Nc6 7. Ngf3 Nb4 8.
Bb1 Ba6 9. Qb3 Rc8 10. Qd1 Bd3 11. Bxd3 Nxd3+ 12. Ke2 Nf4+ 13. Kf1 Qc7 14. g3
Nd3 15. Kg2 Qb7 16. Qe2 Qa6 17. Ne5 Nf4+ 18. gxf4 Qxe2 0-1

[Event "4. Open Memorial Pedro Lezcano 2011"]
[Site "Gran Canaria ESP"]
[Date "2011.04.18"]
[Round "1.24"]
[White "Herrera Reyes, Jose Antonio"]
[Black "Jerez Garcia, Jose Juan"]
[Result "1-0"]
[WhiteElo "2111"]
[BlackElo "1658"]
[PlyCount "73"]
[EventDate "2011.04.18"]
[EventType "swiss"]
[EventRounds "9"]
[EventCountry "ESP"]
[Source "lmi"]
[SourceDate "2011.04.18"]

1. e4 e5 2. Nf3 Nc6 3. Bc4 Bc5 4. c3 Nf6 5. d4 exd4 6. e5 d5 7. Bb5 Nd7 8. cxd4
Bb4+ 9. Nc3 a6 10. Bd3 Nb6 11. h3 Be6 12. O-O Qd7 13. Ne2 O-O-O 14. a3 Be7 15.
b4 Na7 16. Nc3 g5 17. Nxg5 Bxg5 18. Bxg5 Rdg8 19. Bf6 Bxh3 20. g3 Bxf1 21. Qxf1
Kb8 22. a4 h5 23. Bxh8 Rxh8 24. a5 Nbc8 25. Na4 h4 26. Nc5 Qg4 27. Be2 Qxd4 28.
Rd1 Qc3 29. g4 Ne7 30. Kh1 Nac6 31. Rc1 Qd4 32. Bxa6 Qxg4 33. f3 Qf4 34. Bxb7
Na7 35. b5 Nf5 36. Na6+ Kxb7 37. Rxc7+ 1-0

[Event "4. Open Memorial Pedro Lezcano 2011"]
[Site "Gran Canaria ESP"]
[Date "2011.04.18"]
[Round "1.25"]
[White "Guerra Arrocha, Daniel"]
[Black "Perez Aleman, Pedro Tomas"]
[Result "0-1"]
[WhiteElo "1654"]
[BlackElo "2108"]
[PlyCount "50"]
[EventDate "2011.04.18"]
[EventType "swiss"]
[EventRounds "9"]
[EventCountry "ESP"]
[Source "lmi"]
[SourceDate "2011.04.18"]

1. e4 c5 2. Nf3 Nc6 3. d4 cxd4 4. Nxd4 Nf6 5. Nc3 e5 6. Ndb5 d6 7. Bg5 a6 8.
Na3 b5 9. Nd5 Be7 10. Bxf6 Bxf6 11. c3 Bg5 12. g3 Ne7 13. Nc2 Bb7 14. Ncb4 O-O
15. Nxe7+ Bxe7 16. Nd5 f5 17. Qb3 Kh8 18. Bg2 f4 19. c4 Bxd5 20. cxd5 Qa5+ 21.
Qc3 Qxc3+ 22. bxc3 Rac8 23. Kd2 fxg3 24. Bh3 Rxf2+ 25. Ke1 Rxh2 0-1

[Event "4. Open Memorial Pedro Lezcano 2011"]
[Site "Gran Canaria ESP"]
[Date "2011.04.19"]
[Round "2.2"]
[White "Alvarado Diaz, Alejandro"]
[Black "Strikovic, Aleksa"]
[Result "0-1"]
[WhiteElo "2104"]
[BlackElo "2570"]
[PlyCount "78"]
[EventDate "2011.04.18"]
[EventType "swiss"]
[EventRounds "9"]
[EventCountry "ESP"]
[Source "lmi"]
[SourceDate "2011.04.18"]

1. d4 d6 2. Nf3 Nf6 3. c4 g6 4. Nc3 Bg7 5. e4 O-O 6. Be2 c5 7. O-O cxd4 8. Nxd4
Nc6 9. Nc2 a5 10. Be3 Nb4 11. Nd4 Nd7 12. Rb1 Nc6 13. Qd2 Nxd4 14. Bxd4 Bxd4
15. Qxd4 Qb6 16. Qxb6 Nxb6 17. f4 Bd7 18. Nd5 Nxd5 19. cxd5 Rfc8 20. Rfc1 e6
21. dxe6 Bxe6 22. a3 Bb3 23. Bd3 Rc5 24. Rxc5 dxc5 25. Rc1 b6 26. Rc3 a4 27.
Kf2 Kf8 28. g4 h6 29. h4 Ke7 30. Bc2 Bxc2 31. Rxc2 f6 32. Rd2 Ra5 33. Ke1 Rb5
34. f5 g5 35. hxg5 hxg5 36. e5 fxe5 37. Rd5 Rxb2 38. Rxe5+ Kf7 39. Re3 Rg2 0-1